Normal view MARC view
  • Molina Betancourt, Rafael

Entry Nombre Personal

Number of records used in: 1

001 - NUMERO DE CONTROL

  • campo de control: 52603

003 - IDENTIFICADOR DE NUMERO DE CONTROL

  • campo de control: MX-MxUPN

005 - FECHA Y HORA DE LA ÜLTIMA TRANSACCIÓN

  • campo de control: 20240701163434.0

008 - DATOS DE LONGITUD FIJA

  • campo de control de longitud fija: 240701|| aca||aabn | aaa d

040 ## - FUENTE DE CATALOGACIÓN

  • Agencia original de catalogación: MX-MxUPN
  • Lenguaje de catalogación: spa
  • Agencia de transcripción: MX-MxUPN

100 1# - ENCABEZAMIENTO - NOMBRE PERSONAL

  • Nombre personal: Molina Betancourt, Rafael

670 ## - FUENTE EN LA QUE SE LOCALIZARON DATOS

  • Cita de la fuente: Acción social del maestro, 1929:
  • Información localizada: portada (Rafael Molina Betancourt)

902 ## - CATALOGADOR

  • Catalogador: Víctor Ruiz/010724